A teacher's guide to multisensory learning : (Record no. 12492)
[ view plain ]
| 000 -LEADER | |
|---|---|
| fixed length control field | 01479cam a2200325 a 4500 |
| 001 - CONTROL NUMBER | |
| control field | 15307749 |
| 003 - CONTROL NUMBER IDENTIFIER | |
| control field | OSt |
| 005 - DATE AND TIME OF LATEST TRANSACTION | |
| control field | 20160603135959.0 |
| 008 - FIXED-LENGTH DATA ELEMENTS--GENERAL INFORMATION | |
| fixed length control field | 080528s2008 vaua b 001 0 eng |
| 010 ## - LIBRARY OF CONGRESS CONTROL NUMBER | |
| LC control number | 2008021542 |
| 020 ## - INTERNATIONAL STANDARD BOOK NUMBER | |
| International Standard Book Number | 9781416607137 (pbk. : alk. paper) |
| 035 ## - SYSTEM CONTROL NUMBER | |
| System control number | (OCoLC)ocn230801899 |
| 040 ## - CATALOGING SOURCE | |
| Original cataloging agency | DLC |
| Transcribing agency | DLC |
| Modifying agency | YDX |
| -- | BTCTA |
| -- | YDXCP |
| -- | CDX |
| -- | DLC |
| 050 00 - LIBRARY OF CONGRESS CALL NUMBER | |
| Classification number | LB 1576 |
| Item number | .B245 2008 |
| 082 ## - DEWEY DECIMAL CLASSIFICATION NUMBER | |
| Classification number | GLT 371.3 |
| Item number | B16 2008 |
| 100 1# - MAIN ENTRY--PERSONAL NAME | |
| Personal name | Baines, Lawrence. |
| 9 (RLIN) | 22361 |
| 245 12 - TITLE STATEMENT | |
| Title | A teacher's guide to multisensory learning : |
| Remainder of title | improving literacy by engaging the senses / |
| Statement of responsibility, etc | Lawrence Baines. |
| 260 ## - PUBLICATION, DISTRIBUTION, ETC. (IMPRINT) | |
| Place of publication, distribution, etc | Alexandria, Va. : |
| Name of publisher, distributor, etc | Association for Supervision and Curriculum Development, |
| Date of publication, distribution, etc | 2008. |
| 300 ## - PHYSICAL DESCRIPTION | |
| Extent | 208 p. : |
| Other physical details | ill. (some col.) ; |
| Dimensions | 25 cm. |
| 504 ## - BIBLIOGRAPHY, ETC. NOTE | |
| Bibliography, etc | Includes bibliographical references (p. 189-199) and index. |
| 505 0# - FORMATTED CONTENTS NOTE | |
| Formatted contents note | Literacy and academic standards -- Multisensory learning, engagement, and achievement -- Sight -- Sound -- Smell and taste -- Movement and touch -- Sense of play. |
| 650 #0 - SUBJECT ADDED ENTRY--TOPICAL TERM | |
| Topical term or geographic name as entry element | Language arts. |
| 9 (RLIN) | 675 |
| 650 #0 - SUBJECT ADDED ENTRY--TOPICAL TERM | |
| Topical term or geographic name as entry element | Perceptual learning. |
| 9 (RLIN) | 22362 |
| 650 #0 - SUBJECT ADDED ENTRY--TOPICAL TERM | |
| Topical term or geographic name as entry element | Teaching |
| General subdivision | Aids and devices. |
| 9 (RLIN) | 22363 |
| 856 41 - ELECTRONIC LOCATION AND ACCESS | |
| Materials specified | Table of contents only |
| Uniform Resource Identifier | <a href="http://www.loc.gov/catdir/toc/ecip0819/2008021542.html">http://www.loc.gov/catdir/toc/ecip0819/2008021542.html</a> |
| 906 ## - LOCAL DATA ELEMENT F, LDF (RLIN) | |
| a | 7 |
| b | cbc |
| c | orignew |
| d | 1 |
| e | ecip |
| f | 20 |
| g | y-gencatlg |
| 942 ## - ADDED ENTRY ELEMENTS (KOHA) | |
| Source of classification or shelving scheme | Library of Congress Classification |
| Koha item type | Books |
| Withdrawn status | Lost status | Source of classification or shelving scheme | Damaged status | Home library | Current library | Shelving location | Date acquired | Source of acquisition | Total Checkouts | Full call number | Barcode | Date last seen | Copy number | Price effective from | Koha item type |
|---|---|---|---|---|---|---|---|---|---|---|---|---|---|---|---|
| Library of Congress Classification | Luxembourg Library | Luxembourg Library | Genevive Ledesma - Tan Section | 10/01/2013 | Donation | LB 1576 .B245 2008 | 17450 | 10/01/2013 | 1 | 10/01/2013 | Books |